00837nam a22002537a 450000500170000001000130001702000190003003500130004903700160006204000120007808200170009010000250010724500610013224600060019326000430019927000320024230000200027450000410029465000290033565000380036494200260040299900190042895201360044720170124105920.0 aA-100000 c00a8186398368 aA-100000 bCen Lib/Ret aDPLbEN a307.772bSIN aSingh, R.A.P. 94274 aCrime in tribal setting /cby Chandreshwar Prasad Singh  b  bResearch Publications c1999aJaipur  bJaipur a89, Tripolia Bazar a152p.c21cm(Hb) aIncludes Bibliographical references  aSocial Sciences 9113739 aChange Perception xTribal 94276 2ddccENh307.772mSIN c123127d123127 00104070aLbLd2015-06-02eCen Lib/Retg0.00l1o307.772 SINpA-100000r2018-08-11 00:00:00s2018-06-23t1v0.00w2016-09-15yEN